| 000 | 00703nam a22002057a 4500 | ||
|---|---|---|---|
| 999 |
_c17785 _d17785 |
||
| 003 | AR-CdUCM | ||
| 008 | 190329b ||||| |||| 00| 0 spa d | ||
| 040 |
_aMUNICIPALIDAD PROVINCIAL DEL CUSCO _cBIBLIOTECA MUNICIPAL DEL CUSCO |
||
| 082 |
_a396 / _bK73 |
||
| 100 |
_aKolontay, Alejandra _937967 |
||
| 245 | _aLa mujer nueva y la moral sexual / | ||
| 260 |
_aLima ; _bPrometeo, _c1982.. |
||
| 300 |
_a164 páginas ; _c17 cm. |
||
| 505 | _aContenido : Prologo -- La mujer moderna -- El amor y la moral nueva -- Las relaciones entre los sexos y la lucha social ... | ||
| 650 |
_aSociedad _953 |
||
| 650 |
_aMujer _9143 |
||
| 650 |
_aSexualidad _99609 |
||
| 942 |
_2ddc _cLIBROS |
||
| 945 |
_aacv _d2019-05-09 |
||